000 00468nam a2200181Ia 4500
001 23589
005 20260414150947.0
008 260414t2016||||xx |||||||||||||| ||spa||
041 _aESP
082 _a670.42
_bE372
100 _aEscalante Lago, Amparo
_eAUT
245 0 _aIngeniería industrial :
_bmétodos y tiempos con manufactura ágil
260 _c2016
300 _a623 páginas :
_c24 cm.
650 _aTCA
654 _aCII
942 _cLIB
_dJUS
_fJUS
_2ddc
_n
999 _c23589
_d23589